| 000 | 00467nam a2200205Ia 4500 | ||
|---|---|---|---|
| 005 | 20250425162654.0 | ||
| 008 | 250425s9999 xx 000 0 und d | ||
| 041 | _aspa | ||
| 043 | _amx | ||
| 082 | _a544.92 | ||
| 100 | _aFISCHER, L. | ||
| 245 | 0 | _aINTRODUCCION A LA CROMATOGRAFIA EN GEL | |
| 250 | _aS.E | ||
| 260 | _aMEXICO | ||
| 260 |
_aMéxico _bEL MANUAL MODERNO _c1975 |
||
| 300 | _a210 | ||
| 650 | _aCROMATOGRAFIA | ||
| 942 | _c01 | ||
| 010 | _a95585 | ||
| 999 |
_c234060 _d234060 |
||